Statistics for Countries in more than one continent

Click here to take the quiz!

General Stats

  • This quiz has been taken 541 times
    (398 since last reset)
  • The average score is 13 of 18

Answer Stats

HintAnswer% Correct
Europe-AsiaRussia
93%
Europe-AsiaTurkey
92%
Africa-AsiaEgypt
89%
Europe-Africa-Asia-America-OceaniaUnited Kingdom
87%
Europe-Africa-America-OceaniaFrance
86%
Europe-AfricaSpain
86%
America-OceaniaUnited States
81%
Asia-OceaniaIndonesia
77%
Europe-AsiaGeorgia
76%
Europe-AsiaAzerbaijan
75%
Europe-AsiaArmenia
74%
Europe-AfricaPortugal
73%
Europe-AmericaNetherlands
64%
Europe-AmericaDenmark
62%
Asia-OceaniaAustralia
61%
Europe-AsiaKazakhstan
59%
America-OceaniaChile
49%
Africa-AsiaYemen
42%

Score Distribution

Percentile by Number Answered

Percent of People with Each Score

Your Score History

You have not taken this quiz since the last reset